| Registos Bibliográficos associados ao registo de autoridade |
|
Etiqueta de registo: 00254nam 2200025 450 001 2282821 003 http://id.bnportugal.gov.pt/bib/catbnp/2282821 010 ## $a978-989-687-975-4 021 ## $aPT$b557804/25 100 ## $a20260325d2026 m y0pory01030103ba 101 1# $apor$cspa 102 ## $aPT 105 ## $aa z 000yy 106 ## $ar 200 1# $aAmigos melhores$ecomo ter amizades saudáveis e libertar-se das pessoas tóxicas$fAlicia González$gil. Blanca Castillo Roig$gtrad. João Silveira 205 ## $a1ª ed 210 #9 $aLisboa$cPergaminho,$d2026 215 ## $a222, [2] p.$cil.$d24 cm 304 ## $aTít. orig.: Amigos mejores: construye amistades sanas, suelta las que no lo son y
cura las heridas del pasado 606 ## $aRelações sociais$2SIPOR$38924 675 ## $a316.47$vBN$zpor$3574843 700 #1 $aGonzález,$bAlicia$31993409 702 #1 $aCastillo Roig,$bBlanca$4440$31993414 702 #1 $92$aSilveira,$bJoão$4730$31853645 801 #0 $aPT$bBN$gRPC 856 41 $uhttp://rnod.bnportugal.gov.pt/ImagesBN/winlibimg.aspx?skey=&doc=2282821&img=221552&save=true 900 ## $aBIBNAC$d20260428 966 ## $lBN$mFGMON$sS.C. 169009 V.$x1 966 ## $lBN$mFGMON$sS.C. 169009 V.-D$x1 971 ## $cssilva$d20260325 972 ## $e0$z0$d20260428$vlrevez 973 ## $csteixeira$d20260422
|
|
|